Revista de derecho privado y comunitario 2013 - 2 : concursos. Actualización I /
Guardado en:
| Formato: | Libro |
|---|---|
| Idioma: | Spanish |
| Publicado: |
Santa Fe :
Rubinzal - Culzoni,
2013.
|
| Edición: | 1a. ed. |
| Materias: | |
| Etiquetas: |
Agregar Etiqueta
Sin Etiquetas, Sea el primero en etiquetar este registro!
|
| LEADER | 00662nam a22001935a 4500 | ||
|---|---|---|---|
| 001 | DER.der013940 | ||
| 008 | 190903s2013####ag#||||||||||||||#||spa|| | ||
| 005 | 20230612111348.0 | ||
| 245 | 1 | 0 | |a Revista de derecho privado y comunitario 2013 - 2 : |b concursos. Actualización I / |c Alegría, Héctor. |
| 250 | |a 1a. ed. | ||
| 260 | |a Santa Fe : |b Rubinzal - Culzoni, |c 2013. | ||
| 300 | |a 622 p. | ||
| 700 | 1 | |a Alegría, Héctor, |e dir. | |
| 700 | 1 | |a Mosset Iturraspe, Jorge, |e dir. | |
| 650 | 7 | |a PRESTACION ALIMENTARIA EN EL PROCESO CONCURSAL | |
| 650 | 7 | |a ACCIONES COLECTIVAS | |
| 650 | 7 | |a ACREEDOR INVOLUNTARIO | |
| 650 | 7 | |a ARBITRAJE | |
| 859 | |a DERECHO |b BIB. DERECHO |h 346 |i REV |p 009116 | ||
